000 00683nam a2200241Ia 4500
003 OSt
005 20220926005321.0
006 a|||||r|||| 00| 0
007 ta
008 220923b |||||||| |||| 00| 0 eng d
020 _a818677193X
037 _cGeneral Book
040 _aRTL
_cRTL
_beng
041 _2eng
_aeng
082 _aY15-31.2.P, P5
100 _aJyothi Rani Thota Ed.
_9310046
245 0 _aWork, income and status of rural women
260 _a New Delhi
_bSerials Pub.
_c2005
300 _avi,297p
_ccm.
500 _aBibliography : P 291-297
942 _hY15-31.2.P, P5
_cGB
_2CC
999 _c613485
_d613485